<?xml version="1.0" encoding="UTF-8"?><?xml-stylesheet type="text/xsl" href="static/style.xsl"?><OAI-PMH xmlns="http://www.openarchives.org/OAI/2.0/" xmlns:xsi="http://www.w3.org/2001/XMLSchema-instance" xsi:schemaLocation="http://www.openarchives.org/OAI/2.0/ http://www.openarchives.org/OAI/2.0/OAI-PMH.xsd"><responseDate>2026-04-17T22:49:51Z</responseDate><request verb="GetRecord" identifier="oai:www.recercat.cat:2117/449389" metadataPrefix="marc">https://recercat.cat/oai/request</request><GetRecord><record><header><identifier>oai:recercat.cat:2117/449389</identifier><datestamp>2026-01-16T07:29:59Z</datestamp><setSpec>com_2072_1033</setSpec><setSpec>col_2072_452950</setSpec></header><metadata><record xmlns="http://www.loc.gov/MARC21/slim" xmlns:dcterms="http://purl.org/dc/terms/" xmlns:xsi="http://www.w3.org/2001/XMLSchema-instance" xmlns:doc="http://www.lyncode.com/xoai" xsi:schemaLocation="http://www.loc.gov/MARC21/slim http://www.loc.gov/standards/marcxml/schema/MARC21slim.xsd">
   <leader>00925njm 22002777a 4500</leader>
   <datafield ind2=" " ind1=" " tag="042">
      <subfield code="a">dc</subfield>
   </datafield>
   <datafield ind2=" " ind1=" " tag="720">
      <subfield code="a">Pagés-Llobet, Antoni</subfield>
      <subfield code="e">author</subfield>
   </datafield>
   <datafield ind2=" " ind1=" " tag="720">
      <subfield code="a">Julian, Fernando</subfield>
      <subfield code="e">author</subfield>
   </datafield>
   <datafield ind2=" " ind1=" " tag="720">
      <subfield code="a">Espinach, Francesc Xavier</subfield>
      <subfield code="e">author</subfield>
   </datafield>
   <datafield ind2=" " ind1=" " tag="720">
      <subfield code="a">Ardanuy Raso, Mònica</subfield>
      <subfield code="e">author</subfield>
   </datafield>
   <datafield ind2=" " ind1=" " tag="720">
      <subfield code="a">Oliver Ortega, Helena</subfield>
      <subfield code="e">author</subfield>
   </datafield>
   <datafield ind2=" " ind1=" " tag="720">
      <subfield code="a">Méndez González, José Alberto</subfield>
      <subfield code="e">author</subfield>
   </datafield>
   <datafield ind2=" " ind1=" " tag="260">
      <subfield code="c">2026-03</subfield>
   </datafield>
   <datafield ind2=" " ind1=" " tag="520">
      <subfield code="a">Fused Deposition Modelling (FDM) is an additive manufacturing technique that allows the fabrication of complex and customized parts. However, FDM-based pieces exhibit low mechanical performance due to the inherent limitations of this technology: poor interlayer adhesion and internal voids. As a result, the mechanical durability is reduced contributing to the problem of plastic waste generation. In this sense, the introduction of dynamic crosslinkers into the thermoplastic can be particularly beneficial, since they not only reinforce the polymer matrix but also impart self-healing functionality. As a consequence, the service life of FDM components is further extended. Here, we develop a coumarin-modified poly (lactic acid) formulation capable of intrinsic, light-activated self-healing. Upon ultraviolet irradiation under optimized solid-state conditions of irradiance and temperature, coumarin moieties grafted onto the PLA backbone undergo [2p + 2p] cycloaddition, generating photocrosslinked networks. Evidence of photocrosslinking was confirmed by the formation of a gel fraction (9.6 %) and a 72 % increase in storage modulus. Mechanical scratches on FDM specimens were subsequently irradiated, showing accelerated scratch closure and a smaller reduction in storage modulus (9.5 %) compared to neat PLA (32 %). These results suggest that dimerized coumarin units partially undergo reversible cleavage and re-dimerization during the healing process, enabling repeated recovery of mechanical stability. This represents the first demonstration of light-activated self-healing in FDM-printed PLA. Unlike previously reported extrinsic self-healing approaches in PLA, which rely on single-use microcapsule systems, the present work achieves intrinsic, repeatable self-healing within the PLA matrix. By combining biobased composition with extended functionality and durability, this research advances a sustainable strategy for additive manufacturing, addressing both the mechanical limitations of FDM and the broader challenge of reducing plastic waste</subfield>
   </datafield>
   <datafield ind2=" " ind1=" " tag="520">
      <subfield code="a">This research was funded by Ministerio de Ciencia, Innovación y Universidades (MCIU) of the Spanish Government, Spain [grant number PID2020-117802RB-I00]. In addition, Dr. Ardanuy and Dr. Oliver-Ortega acknowledge the financial support of the research group TECTEX (2021 SGR 01056) from the Department de Recerca i Universitats de la Generalitat de Catalunya</subfield>
   </datafield>
   <datafield ind2=" " ind1=" " tag="520">
      <subfield code="a">Postprint (published version)</subfield>
   </datafield>
   <datafield tag="653" ind2=" " ind1=" ">
      <subfield code="a">Àrees temàtiques de la UPC::Enginyeria dels materials</subfield>
   </datafield>
   <datafield tag="653" ind2=" " ind1=" ">
      <subfield code="a">Poly (lactic acid)</subfield>
   </datafield>
   <datafield tag="653" ind2=" " ind1=" ">
      <subfield code="a">Fused deposition modelling (FDM)</subfield>
   </datafield>
   <datafield tag="653" ind2=" " ind1=" ">
      <subfield code="a">Self-healing</subfield>
   </datafield>
   <datafield tag="653" ind2=" " ind1=" ">
      <subfield code="a">Photocrosslinking</subfield>
   </datafield>
   <datafield tag="653" ind2=" " ind1=" ">
      <subfield code="a">Biodegradation</subfield>
   </datafield>
   <datafield ind2="0" ind1="0" tag="245">
      <subfield code="a">Light-activated self-healing poly (lactic acid) for durable FDM 3D printing applications</subfield>
   </datafield>
</record></metadata></record></GetRecord></OAI-PMH>